| 000 | 00918cad a22002055a 4500 | ||
|---|---|---|---|
| 001 | E150359 | ||
| 008 | 100705e20100705xxk 000 0 eng d | ||
| 035 | _a(Sirsi) u150359 | ||
| 041 | 0 | _aeng | |
| 110 | 2 |
_aScotland _bScottish Government _95344 |
|
| 245 | 0 | 0 |
_aMillions invested in affordable homes _h[electronic resource] |
| 260 | _c2010 | ||
| 490 |
_aScottish Government News Release _v5 July 2010 |
||
| 520 | _a£45m funding has been announced by the Scottish Government to speed up the construction of 800 new affordable homes across Scotland. It is hoped that the funding will support Scotland's house building industry and reduce homelessness. | ||
| 590 | _aKA | ||
| 651 | 4 |
_aScotland _y1999- |
|
| 690 | _aPROPERTY-RESIDENTIAL PROPERTY-DOMESTIC RESIDENTIAL PROPERTY-HOUSING | ||
| 856 | 4 | 0 |
_uhttps://www.scotland.gov.uk/News/Releases/2010/07/05095855 _zView the news release at www.scotland.gov.uk |
| 942 | _n0 | ||
| 999 |
_c82475 _d82475 |
||